Eurovision 2024 - Chansons et candidats - Statistiques

Statistiques générales
  • Ce quiz a été pris 79 fois
  • Le résultat moyen est 41 sur 74
Statistiques - réponses
Pays Artiste/Chanson % Correct
Suisse Nemo
90%
France Slimane
90%
The Code
85%
La noia
80%
Mon Amour
80%
Croatie Baby Lasagna
75%
Europapa
75%
Fighter
72%
Jako
72%
We Will Rave
72%
Firefighter
69%
No Rules!
69%
ZORRA
69%
Liar
67%
Belgique Mustii
66%
SAND
66%
Unforgettable
66%
Italie Angelina Mango
64%
Irlande Bambie Thug
64%
Dizzy
64%
Doomsday Blue
64%
Hurricane
64%
TITAN
64%
Before The Party's Over
62%
Allemagne ISAAK
62%
Pays-Bas Joost Klein
62%
Suède Marcus & Martinus
62%
Rim Tim Tagi Dim
62%
The Tower
62%
Ramonda
61%
Veronika
61%
Always On The Run
59%
Hollow
59%
Luktelk
59%
Pologne LUNA
59%
Pedestal
59%
Luxembourg Tali
59%
ZARI
59%
11:11
57%
Israël Eden Golan
57%
Loop
57%
Grito
56%
Arménie LADANIVA
56%
Grèce Marina Satti
56%
Finlande Windows95man
56%
Tchèquie Aiko
54%
Lettonie Dons
54%
Autriche Kaleen
54%
Espagne Nebulossa
54%
Lithuanie Silvester Belt
54%
Albanie BESA
51%
Teresa & Maria
51%
Royaume-Uni Olly Alexander
49%
Danemark SABA
49%
Portugal iolanda
46%
Serbie Teya Dora
46%
Saint-Marin MEGARA
44%
Australie Electric Fields
43%
In The Middle
43%
Slovénie Raiven
43%
Islande Hera Björk
41%
Scared of Heights
41%
Norvège Gåte
39%
Chypre Silia Kapsis
39%
Ulveham
38%
Moldavie Natalia Barbu
36%
Malte Sarah Bonnici
36%
Azerbaïdjan FAHREE ft. Ilkin Dovlatov
34%
Ukraine alyona alyona & Jerry Heil
33%
Özünlə Apar
26%
(nendest) narkootikumidest ei tea me (küll) midagi
25%
One Milkali (One Blood)
25%
Géorgie Nutsa Buzaladze
21%
Estonie 5MIINUST x Puuluup
13%
Aucun quiz correspondant
Distribution des résultats
% des personnes avec chaque résultat
Percentile par nombre de réponses
Votre historique - résultats
Vous n’avez pas pris ce quiz